000 00724nam a22002297a 4500
003 BUBTL
008 170725b xxu||||| |||| 00| 0 eng d
020 _a00724673
082 _a657.48/ W6703f/ 2006
100 _91314
_aWilliams, Jan R.
245 _aFinancial Accounting :
_cJan R. Williams, Susan F. Haka and Mark S. Bettner and Joseph V. Carcello
250 _a12th
260 _aBoston
_bMcGraw-Hill
_cc2006
300 _a[xxv], 802p.
_c24cm.
500 _aIncludes Index
650 0 _95
_aAccounting
700 _aJan R. Williams, Susan F. Haka and Mark S. Bettner and Joseph V. Carcello
_94282
760 _b12th
856 _k0
_l0
_yDownload
942 _2ddc
_cBK
999 _c5491
_d5491